Les Classiques Disney/Pixar Commençant par P - Statistiques

Statistiques générales
  • Ce quiz a été pris 17 fois
    12 depuis la dernière actualisation
  • Le résultat moyen est 7 sur 12
Statistiques - réponses
Indice Réponse % Correct
1995 Pocahontas, une légende indienne
78%
1989 La Petite Sirène
78%
2002 La Planète au trésor, Un nouvel univers
78%
1953 Peter Pan
67%
2002 Peter pan 2, Retour au Pays Imaginaire
67%
1940 Pinocchio
67%
2000 La petite sirène 2, Retour à l'Océan
56%
2009 La Princesse et La Grenouille
56%
1998 Pocahontas 2, Un nouveau Monde
56%
2014 Planes 2
44%
2013 Planes
44%
1977 Peter et Eliott le Dragon
33%
Aucun quiz correspondant
Distribution des résultats
% des personnes avec chaque résultat
Percentile par nombre de réponses
Votre historique - résultats
Vous n’avez pas pris ce quiz depuis la dernière actualisation